| 000 | 00883nam a22003137a 4500 | ||
|---|---|---|---|
| 001 | BR7804547 | ||
| 003 | BR-BrBNA | ||
| 005 | 20230928085653.0 | ||
| 007 | ta | ||
| 008 | 230509b bl.||||| |||| 00| 0 por d | ||
| 040 |
_aBR-BrBNA _bpor _cBiblioteca Nacional de Agricultura |
||
| 041 | _a(Por) | ||
| 072 |
_aK10; P20 _b3000 |
||
| 090 | _ 3000 BR7804547 | ||
| 110 | 1 |
_aFundacao Estadual de Engenharia do Meio Ambiente, Rio de Janeiro, RJ (Brasil) _94883 |
|
| 245 | 1 | _aDefenda a vida [Producao florestal; Meio ambiente; Arvore] | |
| 260 | 3 |
_aRio de Janeiro, RJ (Brasil): _c1978. |
|
| 300 | _a4 p. | ||
| 500 | _a5 illus. | ||
| 650 | _aProducao florestal | ||
| 650 | _aRecurso da terra | ||
| 650 | _aArvore | ||
| 650 | _aMuda | ||
| 650 | _aPratica cultural | ||
| 650 | _aMeio ambiente | ||
| 650 | _aConservacao | ||
| 909 |
_a202309 _bLucia _c55 _dLucia Elande |
||
| 942 | _cBK | ||
| 999 |
_c25696 _d25696 |
||